000 00820nam a2200217 a 4500
003 0
005 20250317094942.0
008 080924s19uu xx 00 eng d
050 _aPHS HM 697
_b.P235 2008
100 _aPark, Chang Woo.
245 _aThe Aspects of Korean and Filipino manner of upbringing and how it affects the parent-child relationship /
_cChang Woo Park.
260 _aLas PiƱas City, Philippines :
_bSouthville International School and Colleges,
_c2008.
300 _a27 pages :
_billustrations ;
_c28 cm.
504 _aIncludes bibliographical references.
650 _aParenting
_zKorea (South).
650 _aParenting
_zPhilippines.
650 _aParent and child
_zKorea (South).
650 _aParent and child
_zPhilippines.
650 _aFamily
_xPsychological aspects.
942 _2lcc
_cPASS
999 _c98101
_d98101